Лирика военных лет: Стихи советских поэтов (1941-1945)

Detalles Bibliográficos
Outros autores: Зайцев В. А. (автор предисловия), Фатюшенко В. И.
Idioma:ruso
Publicado: Москва, Изд-во МГУ, 1985
Subjects:
Formato: MixedMaterials Libro
KOHA link:https://koha.lib.tpu.ru/cgi-bin/koha/opac-detail.pl?biblionumber=122150

MARC

LEADER 00000nam0a2200000 4500
001 122150
005 20231031125845.0
020 |a RU  |b 85-23018 
035 |a (RuTPU)RU\TPU\book\132274 
090 |a 122150 
100 |a 20070927d1985 m y0rusy5003 ca 
101 0 |a rus 
102 |a RU 
105 |a y z 001gy 
200 1 |a Лирика военных лет  |e Стихи советских поэтов (1941-1945)  |f авт. предисл., сост., примеч. В. А. Зайцев и В. И. Фатюшенко 
210 |a Москва  |c Изд-во МГУ  |d 1985 
215 |a 320 с.  |d 21 см 
320 |a Библиогр.в примеч.: с. 312-315 
610 1 |a советская литература 
610 1 |a военные годы 
610 1 |a поэзия 
610 1 |a поэзия военных лет 
675 |a Р2  |z rus 
702 1 |a Зайцев  |b В. А.  |4 080 
702 1 |a Фатюшенко  |b В. И.  |4 080 
801 0 |a RU  |b RuMRKP  |c 19950704  |g psbo 
801 1 |a RU  |b 63413507  |c 20070927  |g PSBO 
801 2 |a RU  |b 63413507  |c 20070927  |g PSBO 
942 |c BK